000 00578nam a2200181 4500
001 145297
003 ES-MaACL
005 20250522202953.0
007 t|
008 070214s1957 sp r ||||1| spa d
100 1 _aSpampanato, Bruno.
_9107633
245 1 3 _aEl último Mussolini /
_cBruno Spampanato ; traducción, prólogo y notas de Juan Ramón Masoliver.
260 _aBarcelona :
_bDestino,
_c1957.
300 _a706 p., 50 lám. ;
_c27 cm.
700 1 _aMasoliver, Juan Ramón,
_d1910-1997
_978748
852 _aES-MaACL
_jC-12533
_bR.40529
999 _c145297
_d145297